| 000 | 03342nam a22004097a 4500 | ||
|---|---|---|---|
| 005 | 2010050407547.0 | ||
| 008 | 100504t xxu||||| |||| 00| 0 eng d | ||
| 010 | _aB-421788-800 | ||
| 020 |
_a0230636861 _c275.00 |
||
| 020 |
_a9780230636866 _c275.00 |
||
| 035 | _a421788-800 | ||
| 037 | _bPUB/Macmillan | ||
| 040 | _aDPL | ||
| 082 | _a005.43 | ||
| 100 |
_aSathe, S. R. _926678 |
||
| 245 |
_aOperating systems / _cby S. R. Sathe and Anil S. Mokhade |
||
| 260 |
_aNew Delhi _bMacmillan India Ltd. _c2009 |
||
| 270 |
_a2/10, Ansari Road, Daryaganj, _bNew Delhi _e110092 |
||
| 300 |
_axii, 260p.: _c26 cm. (Pbk) |
||
| 500 | _aincludes index | ||
| 700 |
_aMokhade, Anil S. _926679 |
||
| 942 |
_2ddc _cEN _mSAT _h005.43 |
||
| 999 |
_c35647 _d35647 |
||